Nursery and plantation practices in forestry (Record no. 480367)

000 -LEADER
fixed length control field 00512nam a22001937a 4500
003 - CONTROL NUMBER IDENTIFIER
control field ASAB
005 - DATE AND TIME OF LATEST TRANSACTION
control field 20180827062720.0
008 - FIXED-LENGTH DATA ELEMENTS--GENERAL INFORMATION
fixed length control field 161201t xxu||||| |||| 00| 0 eng d
020 ## - INTERNATIONAL STANDARD BOOK NUMBER
International Standard Book Number 978-81-7233-715-5
040 ## - CATALOGING SOURCE
Transcribing agency ASAB
082 ## - DEWEY DECIMAL CLASSIFICATION NUMBER
Classification number 634.95640954
100 ## - MAIN ENTRY--PERSONAL NAME
Personal name Vinod Kumar
9 (RLIN) 2426
245 ## - TITLE STATEMENT
Title Nursery and plantation practices in forestry
260 ## - PUBLICATION, DISTRIBUTION, ETC.
Place of publication, distribution, etc. India
Name of publisher, distributor, etc. Scientific Publishers (india)
Date of publication, distribution, etc. 2011
300 ## - PHYSICAL DESCRIPTION
Extent 547 P.
Dimensions 24 cm
630 ## - SUBJECT ADDED ENTRY--UNIFORM TITLE
Uniform title Plantation
9 (RLIN) 3729
630 ## - SUBJECT ADDED ENTRY--UNIFORM TITLE
Uniform title Forestry
9 (RLIN) 3730
942 ## - ADDED ENTRY ELEMENTS (KOHA)
Source of classification or shelving scheme
Koha item type Book
Holdings
Withdrawn status Lost status Source of classification or shelving scheme Damaged status Not for loan Collection code Permanent Location Current Location Date acquired Total Checkouts Full call number Barcode Date last seen Price effective from Koha item type
            Atta-ur-Rahman School of Applied Biosciences (ASAB) Atta-ur-Rahman School of Applied Biosciences (ASAB) 12/01/2016   634.95640954 KUM ASAB2156 04/27/2018 12/01/2016 Book
© 2023 Central Library, National University of Sciences and Technology. All Rights Reserved.